Statistics for Florida Panthers Starting Lineup 2016-2017 Season

Click here to take the quiz!

General Stats

  • This quiz has been taken 9 times
  • The average score is 16 of 25

Answer Stats

Position Player Age Birthplace % Correct
Right WingJaromir Jagr44Kladno, Czechoslovakia
100%
CenterAlexander Barkov21Tampere, Finland
86%
Left WingJonathan Huberdeau23Saint-Jerome, Quebec
86%
GoaltenderRoberto Luongo37Montreal, Quebec
86%
Right WingJussi Jokinen33Kalajoki, Finland
86%
GoaltenderJames Reimer28Morweena, Manitoba
71%
DefensemanJason Demers28Dorval, Quebec
71%
CenterNick Bjugstad24Minneapolis, Minnesota
71%
CenterVincent Trocheck23Pittsburgh, Pennsylvania
71%
Left WingReilly Smith25Etobicoke, Ontario
71%
DefensemanAaron Ekblad20Windsor, Ontario
71%
Head CoachGerard Gallant53Summerside, Prince-Edward Island
71%
CenterDenis Malgin19Olten, Switzerland
57%
Left WingJonathan Marchessault25Cap-Rouge, Quebec
57%
DefensemanMichael Matheson22Pointe-Claire, Quebec
57%
DefensemanMark Pysyk24Sherwood Park, Alberta
57%
Left WingShawn Thornton39Oshawa, Ontario
57%
Right WingColton Sceviour27Red Deer, Alberta
57%
DefensemanKeith Yandle30Boston, Massachusetts
57%
Left WingJared McCann20Stratford, Ontario
43%
Right WingShane Harper27Valencia, California
43%
DefensemanAlex Petrovic24Edmonton, Alberta
43%
DefensemanSteven Kampfer28Ann Arbor, Michigan
43%
CenterDerek MacKenzie35Sudbury, Ontario
43%
CenterGreg McKegg24St Thomas, Ontario
43%

Score Distribution

Percentile by Number Answered

Percent of People with Each Score

Your Score History

You have not taken this quiz